|
|
|
|
| LEADER |
00000nam0a2200000 4500 |
| 001 |
280835 |
| 005 |
20231101235338.0 |
| 020 |
|
|
|a RU
|b 86-37219ж
|
| 035 |
|
|
|a (RuTPU)RU\TPU\book\304395
|
| 090 |
|
|
|a 280835
|
| 100 |
|
|
|a 20150115d1986 k y0rusy5003 ca
|
| 101 |
0 |
|
|a rus
|
| 102 |
|
|
|a GE
|
| 105 |
|
|
|a y z 001zy
|
| 200 |
1 |
|
|a Вычислительная математика и программирование
|e сборник статей
|f Академия наук Грузинской ССР (АН ГрузССР), Институт вычислительной математики им. Н. И. Мусхелишвили ; отв. ред. Н. Н. Вахания
|
| 210 |
|
|
|a Тбилиси
|c Мецниереба
|d 1986
|
| 215 |
|
|
|a 270 с.
|
| 225 |
1 |
|
|a Труды института вычислительной математики
|v 26:1
|x 0135-0730
|
| 320 |
|
|
|a Библиогр. в конце ст.
|
| 606 |
|
|
|a Вычислительная математика
|2 stltpush
|3 (RuTPU)RU\TPU\subj\4022
|9 32338
|
| 606 |
|
|
|a Программирование
|2 stltpush
|3 (RuTPU)RU\TPU\subj\51780
|9 70345
|
| 610 |
1 |
|
|a теория упругости
|
| 610 |
1 |
|
|a теория пластин
|
| 610 |
1 |
|
|a трехмерные задачи
|
| 610 |
1 |
|
|a уравнения в частных производных
|
| 610 |
1 |
|
|a аппроксимация
|
| 610 |
1 |
|
|a функции
|
| 610 |
1 |
|
|a алгоритмическое обеспечение
|
| 610 |
1 |
|
|a статистическая информация
|
| 610 |
1 |
|
|a обработка
|
| 675 |
|
|
|a 519.6
|z rus
|v 3
|
| 675 |
|
|
|a 681.3.06
|z rus
|v 3
|
| 702 |
|
1 |
|a Вахания
|b Н. Н.
|g Николай Николаевич
|4 340
|
| 712 |
0 |
2 |
|a Академия наук Грузинской ССР (АН ГрузССР)
|b Институт вычислительной математики им. Н. И. Мусхелишвили
|2 stltpush
|3 (RuTPU)RU\TPU\col\19595
|
| 801 |
|
0 |
|a RU
|b RuMRKP
|c 19950704
|g psbo
|
| 801 |
|
1 |
|a RU
|b 63413507
|c 20150115
|
| 801 |
|
2 |
|a RU
|b 63413507
|c 20170630
|g RCR
|
| 942 |
|
|
|c BK
|